[Event "Let's Play Chess!"]
[Site "http://www.queenalice.com/game.php?id=563700"]
[Date "2009.3.29"]
[Round "-"]
[White "reniflex"]
[Black "hipus"]
[Result "0-1"]
[WhiteElo "1236"]
[BlackElo "2122"]

1. e4 g6 2. Nf3 Bg7 3. c3 d6 4. Bb5+ Nd7 5. d4 e6 6. Bg5 Ne7 7. a4 a6 8. Bxd7+
Qxd7 9. Bxe7 Qxe7 10. h4 h6 11. g3 b6 12. c4 Bb7 13. Qe2 f5 14. exf5 exf5 15.
Qxe7+ Kxe7 16. b4 Bxf3 17. O-O Bxd4 18. Nd2 Bxa1 19. Rxa1 Bb7 20. Re1+ Kd7 21.
c5 b5 22. axb5 axb5 23. f4 Rhe8 24. Rf1 Re2 25. Nb1 Rg2+ 26. Kh1 Raa2 27. Nc3
Rh2+ 28. Kg1 Rag2# 0-1

[Event "Let's Play Chess!"]
[Site "http://www.queenalice.com/game.php?id=564219"]
[Date "2009.3.31"]
[Round "-"]
[White "Enrico"]
[Black "hipus"]
[Result "0-1"]
[WhiteElo "1799"]
[BlackElo "2031"]

1. e4 g6 2. Bc4 Bg7 3. Nf3 e6 4. Ng5 Qxg5 5. Qf3 Nc6 6. c3 Ne5 7. Qe2 Nxc4 8.
Qxc4 Qd8 9. d4 d5 10. exd5 exd5 11. Qe2+ Qe7 12. Qxe7+ Nxe7 13. Bg5 h6 14. Bf4
c6 15. O-O O-O 16. Bd6 Re8 17. Re1 Bd7 18. Rxe7 Rxe7 19. Bxe7 Re8 20. Nd2 Rxe7
21. h3 Re2 22. Rd1 Bf5 23. Nf3 Rxb2 24. g4 Rb1 25. Rxb1 Bxb1 26. a3 a5 27. Kf1
b5 28. Nd2 Bc2 29. Ke2 b4 30. axb4 a4 31. Nf1 a3 32. Ne3 Bb1 0-1

[Event "Xadrez 45"]
[Site "http://www.queenalice.com/game.php?id=565194"]
[Date "2009.4.2"]
[Round "-"]
[White "filipe_pinheiro"]
[Black "hipus"]
[Result "0-1"]
[WhiteElo "2276"]
[BlackElo "2181"]

1. d4 g6 2. e4 Bg7 3. Nf3 d6 4. Nc3 Nd7 5. Be2 e6 6. O-O h6 7. Be3 Ne7 8. Qd2 a6
9. Rad1 b6 10. h3 Bb7 11. Nh2 f5 12. f3 g5 13. f4 g4 14. hxg4 fxe4 15. f5 d5 16.
fxe6 Nf8 17. g5 hxg5 18. Bh5+ Rxh5 19. Qf2 Nxe6 20. Qf7+ Kd7 21. Qxh5 Qh8 22.
Qg4 Qh7 23. Rf7 Rh8 24. Qg3 Kd8 25. Rdf1 Bc6 26. a3 Qh5 27. Ng4 Nxd4 28. Rxg7
Qh1+ 29. Kf2 Rf8+ 30. Bf4 gxf4 31. Rxh1 fxg3+ 32. Kg1 Ndf5 33. Rgh7 Ng6 34. Ne2
Bb5 35. Nc3 e3 36. Nh2 d4 0-1

[Event "Let's Play Chess!"]
[Site "http://www.queenalice.com/game.php?id=566763"]
[Date "2009.4.4"]
[Round "-"]
[White "hipus"]
[Black "igorjava"]
[Result "1-0"]
[WhiteElo "2202"]
[BlackElo "1984"]

1. g3 e5 2. Bg2 d5 3. d3 f5 4. Nd2 Nf6 5. e3 e4 6. d4 c5 7. dxc5 Bxc5 8. Nb3 Bb6
9. Ne2 O-O 10. Bd2 Nc6 11. Bc3 Kh8 12. h3 Qd6 13. a4 a5 14. O-O Be6 15. Qd2 Rfd8
16. Rfd1 Bf7 17. Ned4 Nxd4 18. Nxd4 Bxd4 19. Qxd4 h5 20. Ra3 b6 21. Qe5 Qxe5 22.
Bxe5 Nd7 23. Bd4 Kh7 24. Bf1 Rac8 25. c3 Nc5 26. b4 Nd7 27. Rb1 Rb8 28. Rab3 Kg8
29. bxa5 bxa5 30. Rb7 Be6 31. R1b5 Rxb7 32. Rxb7 Ra8 33. Bb5 Nf6 34. Bxf6 gxf6
35. Bd7 Bxd7 36. Rxd7 Ra6 37. Rxd5 Kf7 38. Rxf5 Kg6 39. Rc5 f5 40. Kg2 Kf6 41.
c4 Ke6 42. f3 exf3+ 43. Kxf3 Ra7 44. Kf4 Ra6 45. Rxf5 Rc6 46. Rxa5 Rxc4+ 47. e4
Kf6 48. Rxh5 Rxa4 49. h4 Ra1 50. Rf5+ Kg6 51. h5+ Kh6 52. Kg4 Ra4 53. Rf6+ Kg7
54. Kf5 Ra5+ 55. e5 Ra3 56. h6+ Kg8 57. g4 Re3 58. Kg6 Rxe5 59. h7+ 1-0

[Event "Let's Play Chess!"]
[Site "http://www.queenalice.com/game.php?id=567916"]
[Date "2009.4.7"]
[Round "-"]
[White "robertot"]
[Black "hipus"]
[Result "0-1"]
[WhiteElo "1416"]
[BlackElo "2163"]

1. d4 g6 2. c4 Bg7 3. Nf3 d6 4. Nc3 Nd7 5. Bf4 e6 6. e3 a6 7. Bd3 Ne7 8. Qe2 h6
9. h3 O-O 10. O-O f5 11. Bh2 Nc6 12. b3 b6 0-1

[Event "cadê as mulheres?"]
[Site "http://www.queenalice.com/game.php?id=570824"]
[Date "2009.4.12"]
[Round "-"]
[White "hipus"]
[Black "Slorche"]
[Result "1-0"]
[WhiteElo "2166"]
[BlackElo "1688"]

1. d4 d5 2. Nf3 e6 3. c4 dxc4 4. e3 b5 5. a4 bxa4 6. Qxa4+ Bd7 7. Qxc4 Be7 8.
Ne5 c6 9. Be2 Nf6 10. O-O O-O 11. Nc3 Nd5 12. Ne4 Nf6 13. Nxf6+ Bxf6 14. f4 Bxe5
15. fxe5 Bc8 16. b4 Bb7 17. Bd2 Nd7 18. Bd3 f5 19. Qxe6+ Kh8 20. Rxf5 Qe8 21.
Rxf8+ Qxf8 22. Qxd7 Bc8 23. Qxc6 Be6 24. Qxe6 Re8 25. Qxe8 Qxe8 26. Rxa7 g6 27.
Be4 Qb5 28. e6 Kg8 29. Ra8+ Kg7 30. e7 Kf7 31. e8=Q+ Qxe8 32. Rxe8 Kxe8 33. b5
Kd7 34. b6 Kc8 35. b7+ Kb8 36. Be1 Kc7 37. Bg3+ Kb6 38. b8=Q+ Ka5 39. Be1+ Ka4
40. Qb4# 1-0

[Event "Let's Play Chess!"]
[Site "http://www.queenalice.com/game.php?id=571148"]
[Date "2009.4.13"]
[Round "-"]
[White "The_Simple"]
[Black "hipus"]
[Result "0-1"]
[WhiteElo "2184"]
[BlackElo "2168"]

1. d4 g6 2. c4 Bg7 3. Nc3 d6 4. e4 Nd7 5. Be2 e6 6. f4 Ne7 7. Nf3 O-O 8. O-O a6
9. Be3 d5 10. cxd5 exd5 11. e5 Nb6 12. Rc1 Be6 13. b3 f6 14. Qc2 Nf5 15. Bf2 Rc8
16. Qd2 c6 17. g4 Ne7 18. Ne1 Nd7 0-1

[Event "Let's Play Chess!"]
[Site "http://www.queenalice.com/game.php?id=573513"]
[Date "2009.4.17"]
[Round "-"]
[White "elche"]
[Black "hipus"]
[Result "0-1"]
[WhiteElo "1696"]
[BlackElo "2111"]

1. e4 g6 2. e5 Bg7 3. Nf3 d6 4. exd6 cxd6 5. Bb5+ Nd7 6. O-O a6 7. Bc4 Qc7 8.
Qe2 e6 9. Nc3 b5 10. Bd5 Rb8 11. Bxe6 fxe6 12. Qxe6+ Kf8 13. Re1 Ne5 14. Qd5 Bb7
15. Ng5 Bxd5 16. Nxd5 Qd7 17. d4 h6 18. dxe5 hxg5 19. e6 Re8 20. Bxg5 Rxe6 21.
Rxe6 Qxe6 22. Nc7 Qe2 23. Be3 Bxb2 24. Ne6+ Kf7 25. Nd4 Qxe3 26. fxe3 Bxa1 0-1

[Event "Let's Play Chess!"]
[Site "http://www.queenalice.com/game.php?id=575393"]
[Date "2009.4.24"]
[Round "-"]
[White "hipus"]
[Black "michas"]
[Result "1-0"]
[WhiteElo "2140"]
[BlackElo "1666"]

1. Nf3 b6 2. g3 Bb7 3. Bg2 Nf6 4. O-O e6 5. c4 c5 6. Nc3 Nc6 7. e4 e5 8. d3 h6
9. Nh4 Nd4 10. f4 exf4 11. Bxf4 h5 12. Nf5 Nxf5 13. exf5 Bxg2 14. Re1+ Be7 15.
Bd6 Qc8 16. Kxg2 Qd8 17. Bxe7 Qxe7 18. Qf3 Rb8 19. Nd5 Qxe1 20. Nxf6+ gxf6 21.
Rxe1+ Kf8 22. Qe4 Kg7 23. Qd5 Rbd8 24. Re7 Rhf8 25. Rxd7 Ra8 26. d4 cxd4 27.
Qxd4 Rfe8 28. Rd6 Re5 29. Qh4 Rxf5 30. Qe4 Re5 31. Qxa8 Re2+ 32. Kh3 Rxb2 33.
Qxa7 Kg6 34. Qxb6 Rxa2 35. Rxf6+ Kg7 36. c5 1-0

[Event "Let's Play Chess!"]
[Site "http://www.queenalice.com/game.php?id=577675"]
[Date "2009.4.26"]
[Round "-"]
[White "charles31"]
[Black "hipus"]
[Result "0-1"]
[WhiteElo "1658"]
[BlackElo "2110"]

1. e4 g6 2. Nc3 Bg7 3. d4 d6 4. Bc4 e6 5. Nf3 Nd7 6. Be3 h6 7. a3 a6 8. Qd3 b6
9. d5 e5 10. b4 Ne7 11. Bd2 f5 12. exf5 gxf5 13. Nh4 Nf6 14. f3 O-O 15. f4 e4
16. Qe3 Ng4 17. Qe2 e3 18. Bxe3 Bxc3+ 19. Kf1 Nxe3+ 20. Qxe3 Bxa1 21. c3 Kh7 22.
Kf2 Bb7 23. Rxa1 Nxd5 24. Bxd5 Qxh4+ 25. Kg1 Bxd5 26. g3 Rg8 27. Rd1 Rae8 28.
Qd3 Qh3 29. Qxd5 Re2 30. Rd2 Qxh2+ 0-1

[Event "CEARA CAMPEAO 2009"]
[Site "http://www.queenalice.com/game.php?id=581158"]
[Date "2009.5.1"]
[Round "-"]
[White "jw16js"]
[Black "hipus"]
[Result "0-1"]
[WhiteElo "1591"]
[BlackElo "2121"]

1. e4 g6 2. d4 Bg7 3. d5 d6 4. Bc4 e5 5. Nf3 h6 6. h4 Nf6 7. Nfd2 O-O 8. f3 c6
9. dxc6 bxc6 10. Nb3 d5 11. exd5 cxd5 12. Be2 Nh5 13. Nc3 Ng3 14. Rg1 d4 15. Ne4
Nxe4 16. fxe4 Qxh4+ 17. Kf1 f5 18. Nd2 fxe4+ 19. Bf3 Ba6+ 20. c4 dxc3+ 21. Qe2
cxd2 22. Bxd2 exf3 23. g3 fxe2+ 24. Ke1 Rf1+ 0-1

[Event "MAKING FRIENDS 07"]
[Site "http://www.queenalice.com/game.php?id=581873"]
[Date "2009.5.3"]
[Round "-"]
[White "retttti"]
[Black "hipus"]
[Result "0-1"]
[WhiteElo "1993"]
[BlackElo "2132"]

1. e4 g6 2. d4 Bg7 3. Nf3 d6 4. Be2 Nd7 5. Be3 e6 6. c4 h6 7. Nc3 Ngf6 8. h3 e5
9. d5 a5 10. O-O b6 11. a3 Nc5 12. b4 Ncxe4 13. Nxe4 Nxe4 14. bxa5 Nc3 15. Qd2
Nxe2+ 16. Qxe2 Rxa5 17. Bd4 O-O 18. Bc3 Ra4 19. Nd2 Re8 20. Qd1 Bd7 21. Ra2 Qe7
22. Qb3 Qg5 23. Ne4 Qf4 24. f3 Qe3+ 25. Rff2 Rea8 26. Kh2 f5 27. Rae2 Qd3 28.
Nd2 Rxa3 0-1

[Event "Let's Play Chess!"]
[Site "http://www.queenalice.com/game.php?id=593016"]
[Date "2009.5.24"]
[Round "-"]
[White "hipus"]
[Black "BobySponja"]
[Result "1-0"]
[WhiteElo "2167"]
[BlackElo "1734"]

1. d4 d5 2. Nf3 Bg4 3. Ne5 Bf5 4. g4 Bg6 5. h4 h5 6. Nxg6 fxg6 7. Qd3 Qd6 8. Nc3
Nc6 9. Nb5 Qd7 10. Qxg6+ Kd8 11. Bf4 Nf6 12. Nxc7 Rc8 13. g5 Rxc7 14. gxf6 exf6
15. Bh3 Qf7 16. Qf5 Nxd4 17. Bxc7+ Qxc7 18. Qxd5+ Qd6 19. Qxd6+ Bxd6 20. Rd1
Nxc2+ 21. Kf1 Ke7 22. Rg1 Rg8 23. Rd5 Nb4 24. Rxh5 Be5 25. e3 Nxa2 26. f4 Bd6
27. Ra5 1-0

[Event "Challenge World Game #06"]
[Site "http://www.queenalice.com/game.php?id=595640"]
[Date "2009.5.30"]
[Round "-"]
[White "hipus"]
[Black "Aylton"]
[Result "1-0"]
[WhiteElo "2112"]
[BlackElo "2021"]

1. d4 Nf6 2. Nf3 d5 3. c4 e6 4. Nc3 c6 5. e3 Be7 6. Bd3 O-O 7. O-O h6 8. Qe2
dxc4 9. Bxc4 b5 10. Bd3 Bb7 11. e4 Nbd7 12. e5 Nh7 13. Qe4 f5 14. exf6 Ndxf6 15.
Qxe6+ Kh8 16. Ne5 g5 17. Ng6+ Kg7 18. Qxe7+ Qxe7 19. Nxe7 Rfe8 20. Nf5+ Kf8 21.
Nd6 Re7 22. Nxb7 Rxb7 23. Ne4 Rd8 24. Be3 Re7 25. Nc5 Kf7 26. Bxh7 Nxh7 27. h4
gxh4 28. Nd3 Ng5 29. Ne5+ Rxe5 30. dxe5 a6 31. Bxg5 hxg5 32. Rfd1 Rc8 33. Rd6 a5
34. Rad1 1-0

[Event "Let's Play Chess!"]
[Site "http://www.queenalice.com/game.php?id=614137"]
[Date "2009.7.8"]
[Round "-"]
[White "mandaragit"]
[Black "hipus"]
[Result "1/2-1/2"]
[WhiteElo "2262"]
[BlackElo "2199"]

1. d4 g6 2. e4 Bg7 3. c3 d6 4. Nf3 Nd7 5. Be2 b6 6. O-O Bb7 7. Nbd2 e6 8. Re1
Ne7 9. Bf1 h6 10. h4 O-O 11. a4 Nf6 12. Bd3 a6 13. Nf1 c5 14. Ng3 Rc8 15. Qe2
cxd4 16. cxd4 Ra8 17. b3 Qd7 18. Bb2 Rfc8 19. Rac1 h5 20. Rxc8+ Nxc8 21. Rc1 Ne7
22. Rc2 Rc8 23. Rxc8+ Qxc8 24. Ba3 Ne8 25. e5 Nd5 26. Qd2 dxe5 27. dxe5 Qc3 28.
Qxc3 Nxc3 29. Bb2 Nd5 30. Ne4 Nb4 31. Bb1 Bf8 32. Bd4 b5 33. axb5 axb5 34. Nfd2
Nc6 35. Bc3 Bb4 36. Bxb4 Nxb4 37. f4 Bxe4 38. Bxe4 Nc7 39. Kf2 Ncd5 40. Kf3 Kg7
41. Bxd5 Nxd5 42. g3 Ne7 43. Ne4 Nf5 44. b4 Nd4+ 45. Kf2 Nc6 46. Nd6 Nxb4 47.
Nxb5 Nd5 1/2-1/2

[Event "Challenge"]
[Site "http://www.queenalice.com/game.php?id=694787"]
[Date "2009.12.8"]
[Round "-"]
[White "extermination"]
[Black "hipus"]
[Result "0-1"]
[WhiteElo "1836"]
[BlackElo "2201"]

1. e4 g6 2. d4 Bg7 3. Nf3 d6 4. Bf4 Nd7 5. Nc3 h6 6. Bc4 e6 7. d5 e5 8. Bg3 Ne7
9. Bh4 g5 10. Bg3 a6 11. O-O Ng6 12. Qd3 h5 13. h3 g4 14. hxg4 hxg4 15. Nh2 Nf4
16. f3 Nxd3 0-1